Statistics for BBC Sports Personality of the Year

Click here to take the quiz!

General Stats

  • This quiz has been taken 119 times
  • The average score is 28 of 58

Answer Stats

YearSportWinner% Correct
2013TennisAndy Murray
99%
2014Formula OneLewis Hamilton
98%
2012CyclingBradley Wiggins
88%
2001FootballDavid Beckham
87%
2008CyclingChris Hoy
83%
2003Rugby unionJonny Wilkinson
81%
2005CricketAndrew Flintoff
79%
1994Formula OneDamon Hill
78%
1986Formula OneNigel Mansell
73%
2009FootballRyan Giggs
73%
2000RowingSteve Redgrave
73%
2011CyclingMark Cavendish
72%
1999BoxingLennox Lewis
71%
1998FootballMichael Owen
70%
1979AthleticsSebastian Coe
70%
2006EventingZara Phillips
67%
1981CricketIan Botham
65%
2010Horse racingTony McCoy
65%
1989GolfNick Faldo
64%
1988SnookerSteve Davis
63%
1977TennisVirginia Wade
62%
2007BoxingJoe Calzaghe
60%
1990FootballPaul Gascoigne
60%
1966FootballBobby Moore
57%
1971EventingPrincess Anne
53%
1973Formula OneJackie Stewart
52%
2004AthleticsKelly Holmes
52%
1993AthleticsLinford Christie
52%
1983AthleticsSteve Cram
52%
1978AthleticsSteve Ovett
50%
1984Figure skatingTorvill and Dean
49%
1982AthleticsDaley Thompson
48%
1980Figure skatingRobin Cousins
47%
1961Formula OneStirling Moss
47%
1997TennisGreg Rusedski
45%
2002AthleticsPaula Radcliffe
44%
1967BoxingHenry Cooper
42%
1995AthleticsJonathan Edwards
41%
1985BoxingBarry McGuigan
35%
1976Figure skatingJohn Curry
35%
1972AthleticsMary Peters
34%
1987AthleticsFatima Whitbread
33%
1969TennisAnn Jones
31%
1974AthleticsBrendan Foster
24%
1954AthleticsChristopher Chataway
21%
1959Motorcycle racingJohn Surtees
21%
1975CricketDavid Steele
19%
1956CricketJim Laker
19%
1991AthleticsLiz McColgan
19%
1958SwimmingIan Black
16%
1964AthleticsMary Rand
16%
1965CyclingTom Simpson
15%
1968AthleticsDavid Hemery
13%
1960Show jumpingDavid Broome
12%
1957GolfDai Rees
8%
1955AthleticsGordon Pirie
8%
1962SwimmingAnita Lonsbrough
7%
1963AthleticsDorothy Hyman
5%

Score Distribution

Percentile by Number Answered

Percent of People with Each Score

Your Score History

You have not taken this quiz